000 00835cam a22002171 4500
001 g 01001161
003 DLC
005 20260227111254.0
008 930120s1886 gw ef 000 0 ger
010 _ag 01001161
035 _a(OCoLC)27296877
040 _aDLC
_cCU
_dCU
_dDLC
042 _apremarc
050 0 0 _aHB41
_b.S7 bd. 6, heft 1
100 1 _aHatschek, Hans J.
245 1 4 _aDas Manufakturhaus auf dem Tabor in Wien.
_bEin beitrag zur österreichischen wirthschaftsgeschichte des 17. jahrhunderts,
_cvon Hans J. Hatschek. Mit zwei plänen und einer abbildung des Manufakturhauses.
260 _aLeipzig,
_bDuncker & Humblot,
_c1886.
300 _aviii, 89, [1] p.
_bpl., 2 plans (1 double)
_c23 cm.
440 0 _aStaats- und socialwissenschaftliche forschungen,
_v6. bd. 1. hft.
650 0 _aIndustries
_zAustria
_xHistory.
999 _c23664
_d23664